000 01131nam a2200349Ia 4500
001 dia_5951
003 CHAP
005 20251021155146.0
008 220117s2015 xx 000 0 und d
010 _a177084
020 _a978-607-113-374-8
040 _cCHAP
082 _a808.8385 E95 C58 2015
100 _aEulberg, Elizabeth
_9160143
245 _aEl club de los corazones solitarios /
_c Elizabeth Eulberg ; traducción Mercedes Nuñez
260 _aMéxico :
_b Santillana,
_c2015
300 _a333 p.
440 _aPunto de lectura
_9133458
500 _aTítulo original: The lonely hearts club
590 _aPZ7.E8685 C58 2015
650 _aAmerican literature
_x21st century
_9153959
650 _aCortejo amoroso
_9160144
650 _aDating (Social customs)
_xFiction
_9160145
650 _aFiction
_9152751
650 _aLiteratura americana
_xSiglo XXI
_9153678
650 _aNovela
_982011
700 _aNuñez, Mercedes, tr.
_9160146
901 _a808.8385 E95 C58 2015
902 _aM
905 _a5232272015 mx x 9212223322spa16
942 _cLIBRO
_2ddc
999 _c177084
_d177084